kku e-library facility

Human Anatomy Made Simple (Record no. 169)

MARC details
000 -LEADER
fixed length control field 00390nam a2200133 4500
005 - DATE AND TIME OF LATEST TRANSACTION
control field 20260224120739.0
008 - FIXED-LENGTH DATA ELEMENTS--GENERAL INFORMATION
fixed length control field 260224b |||||||| |||| 00| 0 eng d
020 ## - INTERNATIONAL STANDARD BOOK NUMBER
International Standard Book Number 0385011164
100 ## - MAIN ENTRY--PERSONAL NAME
Personal name Murray I. Mackay
245 ## - TITLE STATEMENT
Title Human Anatomy Made Simple
Statement of responsibility, etc. /I. Mackay Murray
260 ## - PUBLICATION, DISTRIBUTION, ETC.
Place of publication, distribution, etc. United States of America;
Name of publisher, distributor, etc. Doubleday & Company ,inc;
Date of publication, distribution, etc. 1969
300 ## - PHYSICAL DESCRIPTION
Extent 188p,ill;
Dimensions 25.5cm
942 ## - ADDED ENTRY ELEMENTS (KOHA)
Source of classification or shelving scheme Library of Congress Classification
Suppress in OPAC No
Koha item type Books

No items available.

©2025 All rights reserved. KKU